000 00977nas a2200301 4500
001 BR2011006925
003 BR-BrBNA
005 20231205120146.0
007 ta
008 230509b bl.|||p| |||| 00| 00por d
040 _aBR-BrBNA
_bpor
_cBiblioteca Nacional de Agricultura
041 _a(Pt)
072 _aP33
100 1 _aOliveira, V.S.
100 1 _aRolim, M.M.
100 1 _aVasconcelos, R.F.B.
100 1 _aCosta, Y.D.J.
100 1 _aPedrosa, E.M.R.
245 1 _aCompactação de um Argissolo Amarelo distrocoeso submetido a diferentes manejos
650 _aCOMPACTAÇÃO DO SOLO
650 _aDETERIORAÇÃO DO SOLO
650 _aCANA DE AÇÚCAR
650 _aVINHAÇA
773 0 _tRevista Brasileira de Engenharia Agrícola e Ambiental (Brazil)
_xISSN 1807-1929
_g(Sep 2010), v.14(9) p. 914-920
_wBR2011006925
856 4 0 _uhttp://www.scielo.br/pdf/rbeaa/v14n9/a02v14n9.pdf
909 _a202311
_bLúcia
_c55
_dLúcia Elande
942 _2AGRIS
_n0
_cANA
999 _c217261
_d217261